000 00433nam a2200181Ia 4500
003 OSt
005 20220720110505.0
008 210210b1963 xxu||||| |||| 00| 0 eng d
040 _cAL
041 _aeng
082 _a516/77
100 _aLONEY (S L)
_951683
245 _aElementary treatise on statics
260 _aCambridge
_bAt the University Press
_c1963
690 _astatics
_951684
906 _a007793
942 _2ddc
_cBK
999 _c140462
_d140462